000 00508nam a2200169Ia 4500
008 240729s9999 xx 000 0 und d
022 _a2353-0758
245 0 _aModern Management Review
260 _aPoland
260 _bPublishing House of Rzeszow University of Technology
650 _a Industries. Land use. Labor
650 _a Management. Industrial management
650 _aSocial Sciences
856 _uhttps://doaj.org/toc/c9f292649d734fbeaaa16622892bc188
942 _2ddc
942 _cDOAJEJ
999 _c66699
_d66699
945 _a1
_bMadushi Gamage
_c1
_dMadushi Gamage